Didáctica de la Matemática en la Educación Primaria
Uloženo v:
| Hlavní autor: | |
|---|---|
| Médium: | Kniha |
| Jazyk: | španělština |
| Vydáno: |
Madrid
Síntesis
2008
|
| Vydání: | 1a. ed |
| Edice: | DM, 1
|
| Témata: | |
| Tagy: |
Přidat tag
Žádné tagy, Buďte první, kdo vytvoří štítek k tomuto záznamu!
|
MARC
| LEADER | 00000cam a2200000 a 4500 | ||
|---|---|---|---|
| 001 | UCC8826 | ||
| 003 | CL-VaPUC | ||
| 005 | 20240705074028.0 | ||
| 008 | 190823e20080000sp |||||||||||||||||spa|d | ||
| 020 | |a 9788477389194 | ||
| 040 | |c Pontificia Universidad Católica de Valparaíso | ||
| 082 | 0 | 4 | |a 372.7 |b CAS |2 21 |
| 100 | 0 | |a Castro Martínez, Enrique |e author |9 603556 | |
| 245 | 1 | 0 | |a Didáctica de la Matemática en la Educación Primaria |
| 250 | |a 1a. ed | ||
| 260 | |a Madrid |b Síntesis |c 2008 | ||
| 300 | |a 623 p | ||
| 490 | 0 | |a DM, 1 | |
| 583 | |a last modification |c 20190823 13:21:00 |k Rodrigo Vera | ||
| 650 | 0 | |a Matemáticas |x Enseñanza |9 875527 | |
| 650 | 0 | |a Métodos de enseñanza |9 270413 | |
| 650 | 0 | |a Planificación de la educación |9 307333 | |
| 942 | |c BK | ||
| 945 | |d 20190823 13:21:00 |a dcastane | ||
| 999 | |c 375076 |d 375074 | ||
| 952 | |0 0 |1 0 |3 erb |4 0 |6 372_700000000000000_CAS_2008 |7 0 |8 A |9 493965 |a BIBMAT |b BIBMAT |c E_DIDACT |i 5559774 |o 372.7 CAS 2008 |p 5559774 |r 2025-01-07 |w 2019-11-24 |y BK |z Catalogado en:20190823 |k MAT | ||